Hoạch định chiến lược phát triển hoạt động kinh doanh lưu trú trên địa bàn Thành phố Cần Thơ : Luận văn Thạc sĩ chuyên ngành Quản trị Kinh doanh

Đề ra các chiến lược phát triển hệ thống cơ sở lưu trú trong thời gian tới và các giải pháp thực hiện chiến lược nhằm nâng cao chất lựơng dịch vụ và hiệu quả hoạt động kinh doanh của hệt hống cơ sở lưu trú, góp phần phát triển nga...

Cur síos iomlán

Đã lưu trong:
Sonraí Bibleagrafaíochta
Príomhúdar: Phan, Văn Phùng
Formáid: Leabhar
Teanga:Undetermined
Foilsithe: Cần Thơ Trường Đại học Cần Thơ 2010
Ábhair:
Clibeanna: Cuir Clib Leis
Gan Chlibeanna, Bí ar an gcéad duine leis an taifead seo a chlibeáil!
Thư viện lưu trữ: Trung tâm Học liệu Trường Đại học Cần Thơ
LEADER 01306nam a2200217Ia 4500
001 CTU_169912
008 210402s9999 xx 000 0 und d
082 |a 338.4791 
082 |b Ph513 
088 |a 60340102 
100 |a Phan, Văn Phùng 
245 0 |a Hoạch định chiến lược phát triển hoạt động kinh doanh lưu trú trên địa bàn Thành phố Cần Thơ : 
245 0 |b Luận văn Thạc sĩ chuyên ngành Quản trị Kinh doanh 
245 0 |c Phan Văn Phùng ; Lưu Thanh Đức Hải ( Hướng dẫn khoa học ) 
260 |a Cần Thơ 
260 |b Trường Đại học Cần Thơ 
260 |c 2010 
520 |a Đề ra các chiến lược phát triển hệ thống cơ sở lưu trú trong thời gian tới và các giải pháp thực hiện chiến lược nhằm nâng cao chất lựơng dịch vụ và hiệu quả hoạt động kinh doanh của hệt hống cơ sở lưu trú, góp phần phát triển ngành kinh doanh du lịch- dịch vụ trên địa bàn Thành phố Cần Thơ 
650 |a Nhà cho thuê,Boardinghouses 
904 |i Ánh Vân, Trúc 
980 |a Trung tâm Học liệu Trường Đại học Cần Thơ